[Event "Munich"]
[Site "Munich"]
[Date "1988.??.??"]
[Round "?"]
[White "Jussupow, Artur"]
[Black "Bischoff, Klaus"]
[Result "1/2-1/2"]
[WhiteElo "2620"]
[BlackElo "2465"]

1.d4 e6 2.c4 Nf6 3.Nf3 b6 4.Nc3 Bb4 5.Bd2 Bb7 6.e3 O-O 7.Bd3 c5 8.a3 Bxc3
9.Bxc3 cxd4 10.Nxd4 d5 11.O-O dxc4 12.Bxc4 Nd5 13.Bxd5 Qxd5 14.Qg4 Qe4 15.f4 Qg6
16.Qh3 Be4 17.f5 exf5 18.Nxf5 Bxf5 19.Rxf5 Na6 20.Raf1 Nc5 21.R5f4 f6 22.b4 Qd3
23.Bxf6 Rxf6 24.Rxf6 gxf6 25.bxc5 Re8 26.cxb6 axb6 27.Re1 Qxa3 28.Qg4+ Kh8
29.Qd4 Re6 30.Kf2 Qc5 31.Rd1 Qxd4 32.exd4 Kg7 33.d5 Re8 34.Rb1 Re5 35.Rb5 Kf7
36.Kf3 h5 37.g3 Kg6 38.Kf4 Kf7 39.h3 Kg6  1/2-1/2

[Event "URS-chT"]
[Site "Naberezhnie Chelni"]
[Date "1988.??.??"]
[Round "?"]
[White "Basin, Leonid"]
[Black "Timoshenko, Georgy"]
[Result "1/2-1/2"]
[WhiteElo "2350"]
[BlackElo "2515"]

1.d4 Nf6 2.c4 e6 3.Nf3 b6 4.Nc3 Bb7 5.a3 d5 6.cxd5 Nxd5 7.Qc2 Nxc3 8.Qxc3 h6
9.Bf4 Bd6 10.Bg3 Nd7 11.e3 O-O 12.Rd1 Qe7 13.Bb5 Rac8 14.Bc6 Bxc6 15.Qxc6 Nb8
16.Qb7  1/2-1/2

[Event "URS-chT"]
[Site "Naberezhnie Chelni"]
[Date "1988.??.??"]
[Round "?"]
[White "Kishnev, Sergey"]
[Black "Kengis, Edvins"]
[Result "1/2-1/2"]
[WhiteElo "2375"]
[BlackElo "2470"]

1.d4 Nf6 2.c4 e6 3.Nf3 b6 4.Nc3 Bb4 5.Bg5 h6 6.Bh4 Bb7 7.e3 g5 8.Bg3 Ne4
9.Qc2 Bxc3+ 10.bxc3 Nxg3 11.fxg3 g4 12.Nh4 Qg5 13.Qd2 Nc6 14.Bd3 f5 15.e4 fxe4
16.Bxe4 O-O-O 17.Ng6 Rhe8 18.Qxg5 hxg5 19.O-O d6 20.Rf7 Na5 21.Bd3 Rd7 22.Raf1 Ba6
23.Rxd7 Kxd7 24.Rf7+ Kd8 25.h4 gxh3 26.gxh3 Bxc4 27.Bxc4 Nxc4 28.h4 gxh4
29.gxh4 Ne3 30.h5 Ng4 31.Kg2 b5 32.Kf3 Nh6 33.Rh7 Nf5 34.Kf4 b4 35.cxb4 Nxd4
36.Rf7 Nf5 37.Rxf5 exf5 38.h6 Kd7 39.h7 Ke6 40.h8=Q Rxh8 41.Nxh8 Kd5 42.Ng6 Kc4
43.Ne7 Kxb4 44.Nd5+ Ka3 45.Nxc7  1/2-1/2

[Event "URS-chT"]
[Site "Naberezhnie Chelni"]
[Date "1988.??.??"]
[Round "?"]
[White "Ambarcumjan, Armen"]
[Black "Razuvaev, Yuri S"]
[Result "1-0"]
[WhiteElo "2360"]
[BlackElo "2535"]

1.d4 Nf6 2.c4 e6 3.Nf3 b6 4.Nc3 Bb4 5.Bg5 h6 6.Bh4 Bb7 7.e3 Bxc3+ 8.bxc3 d6
9.Nd2 c5 10.f3 Nc6 11.Bd3 g5 12.Bg3 Qe7 13.O-O Nh5 14.Bf2 f5 15.f4 Nf6 16.e4 fxe4
17.Nxe4 O-O-O 18.fxg5 Nxe4 19.Bxe4 hxg5 20.dxc5 dxc5 21.Qe2 Na5 22.Bg3 Rhf8
23.Rxf8 Qxf8 24.Qg4 Qe7 25.Re1 Qd7 26.h3 Ba6 27.Qxg5 Nxc4 28.Qf4 e5 29.Qf6 Qd6
30.Bf5+ Kb8 31.Qxd6+ Rxd6 32.Rxe5  1-0

[Event "Naleczow (Women)"]
[Site "Naleczow"]
[Date "1988.??.??"]
[Round "3"]
[White "Levitina, Irina S"]
[Black "Jahn, Constanze"]
[Result "1-0"]
[WhiteElo "2355"]
[BlackElo "2210"]

1.d4 e6 2.Nf3 Nf6 3.c4 b6 4.Nc3 Bb4 5.Bg5 h6 6.Bh4 Bb7 7.e3 Bxc3+ 8.bxc3 d6
9.Nd2 Nbd7 10.f3 Qe7 11.e4 g5 12.Bf2 Rg8 13.Qa4 Kf8 14.Bd3 Nh5 15.g3 a5 16.O-O e5
17.Rfe1 Rd8 18.Bf1 Ndf6 19.Bg2 Rg6 20.Rad1 g4 21.f4 Bc8 22.fxe5 dxe5 23.c5 Nd7
24.c6 Nb8 25.d5 Na6 26.Nc4 Nc5 27.Qa3 Nf4 28.Nxe5 Qxe5 29.gxf4 Qxf4 30.Bg3 Qg5
31.Bxc7 g3 32.hxg3 Kg8 33.Qc1 Qh5 34.Qf4 Ne6 35.Bf3 Nxf4 36.Bxh5 Nxh5 37.Bxd8 Rxg3+
38.Kf2 Bg4 39.Bc7 Rxc3 40.Rc1 Rf3+ 41.Kg2 Rd3 42.Bd6 Rd2+ 43.Kg1 Nf6 44.Be5 Nh7
45.Bf4 Rxa2 46.d6 Nf8 47.Bxh6 Ng6 48.d7  1-0

[Event "New York op"]
[Site "New York"]
[Date "1988.??.??"]
[Round "?"]
[White "Gulko, Boris F"]
[Black "Groszpeter, Attila"]
[Result "1/2-1/2"]
[WhiteElo "2595"]
[BlackElo "2495"]

1.d4 Nf6 2.c4 e6 3.Nf3 b6 4.Nc3 Bb7 5.a3 d5 6.cxd5 Nxd5 7.Qc2 Be7 8.e4 Nxc3
9.bxc3 O-O 10.Bd3 c5 11.O-O Qc8 12.Qe2 cxd4 13.cxd4 Ba6 14.Bb2 Bxd3 15.Qxd3 Nd7
16.d5 exd5 17.exd5 Nc5 18.Qc4 Re8 19.Rae1 Bd6 20.Rxe8+ Qxe8 21.Qg4 Bf8 22.Be5 Rd8
23.Rd1 Qa4 24.Qxa4 Nxa4 25.Rd3 f6 26.Bc7 Rd7 27.Bb8 Nb2 28.Rc3 Rxd5 29.g4 Bc5
30.Bxa7 Nd3 31.a4 Bxf2+ 32.Kf1 Bc5 33.Rc4 Kf7 34.Ke2 Ne5 35.Nxe5+ Rxe5+ 36.Kf1 Re7
37.Bb8 Re8 38.Bc7 Re7 39.Bb8 Rb7 40.Bg3 Ra7 41.Be1 Ke6 42.a5 Kd5 43.axb6 Bxb6
44.Rb4 Bc5 45.Rb5 Ra1 46.h3 Kc4 47.Rb7 Kd3 48.Rb3+ Ke4 49.Ke2 Ra2+ 50.Bd2 Bd4
51.Ke1 Ra1+ 52.Ke2 Rh1 53.Ra3 g6 54.Bh6 Rh2+ 55.Ke1 f5 56.gxf5 gxf5 57.Ra4 Rxh3
58.Bg7 Re3+ 59.Kf1 Rd3 60.Ke2 h5 61.Bf6 f4 62.Bxd4 Rxd4 63.Ra8 Rd5 64.Re8+ Re5
65.Rh8 Ra5 66.Re8+ Kf5 67.Kf3 Ra3+ 68.Kf2 h4 69.Rf8+ Kg4 70.Rg8+ Kh3 71.Rf8 Ra2+
72.Kf3 Ra4 73.Rh8 Rb4 74.Rh7 Rb1 75.Kxf4 Rf1+ 76.Kg5 Rg1+ 77.Kf4 Rg8 78.Kf3 Rf8+
79.Ke2 Kg4 80.Rg7+ Kh5 81.Rh7+ Kg5 82.Rg7+  1/2-1/2

[Event "New York op"]
[Site "New York"]
[Date "1988.??.??"]
[Round "?"]
[White "Stone, Raymond"]
[Black "Gligoric, Svetozar"]
[Result "1/2-1/2"]
[WhiteElo "2415"]
[BlackElo "2515"]

1.d4 Nf6 2.c4 e6 3.Nf3 b6 4.Nc3 Bb7 5.g3 Bb4 6.Bd2 O-O 7.Bg2 d6 8.O-O Nbd7
9.Rc1 a5 10.Bg5 Bxc3 11.Rxc3 h6 12.Bxf6 Nxf6 13.Ne1 Bxg2 14.Nxg2 Re8 15.f3 d5
16.cxd5 Nxd5 17.Rc1 Qd7 18.Qb3 Rec8 19.e4 a4 20.Qc4 Ne7 21.Rfd1 c5 22.dxc5 Qc6
23.Rd6 Qxc5+ 24.Qxc5 bxc5 25.Ne3 Rab8 26.Nc4 Nc6 27.Kf2 Nb4 28.a3 Nc6 29.Rc3 Rb5
30.Ke3 g5 31.Rd7 Rcb8 32.Rcd3 Nd4 33.Rc7 Rxb2 34.Nxb2 Rxb2 35.Rxc5 Nc2+ 36.Ke2 Nxa3+
37.Rd2 Rb4 38.Rd7 Nb5 39.Rc8+ Kg7 40.Ra8 a3 41.Ke3 e5 42.Rd3 Nd4 43.Raxa3 Nc2+
44.Kf2 Nxa3 45.Rxa3 Rb2+ 46.Kg1 h5 47.Ra5 f6 48.f4 exf4 49.gxf4 gxf4 50.Rxh5 Re2
51.Rh4  1/2-1/2

[Event "Novi Sad op"]
[Site "Novi Sad"]
[Date "1988.??.??"]
[Round "7"]
[White "Perisic, Radivoj"]
[Black "Shneider, Aleksandr"]
[Result "0-1"]
[WhiteElo "2320"]
[BlackElo "2465"]

1.d4 Nf6 2.Nf3 e6 3.c4 b6 4.Nc3 Bb4 5.e3 Bb7 6.Bd3 c5 7.O-O cxd4 8.exd4 O-O
9.Bg5 Be7 10.Re1 h6 11.Bh4 d6 12.Rc1 Nbd7 13.Qe2 Rc8 14.a3 Re8 15.Bg3 Nh5
16.Rcd1 Ndf6 17.Nd2 Nxg3 18.hxg3 d5 19.cxd5 Nxd5 20.Nxd5 Bxd5 21.Bb5 Rf8
22.Nf3 Rc7 23.Ne5 Qa8 24.f3 Bd6 25.Kh2 Qb8 26.f4 Rd8 27.Qh5 Bf8 28.Bd3 g6
29.Qh4 Bb3 30.Rc1 Rxd4 31.Bxg6 fxg6 32.Qf6 Rd6 33.Nxg6 Rg7 34.Rc3 Bd5 35.Rec1 Qd8
36.Qe5 Rxg6 37.Rc8 Qe7 38.R1c7 Rd7 39.Rxf8+ Kxf8 40.Rc8+ Rd8 41.Qh8+ Rg8
42.Qxh6+ Ke8  0-1

[Event "Paris-ch"]
[Site "Paris"]
[Date "1988.??.??"]
[Round "6"]
[White "Wagner, Claude"]
[Black "Abramovic, Bosko"]
[Result "0-1"]
[WhiteElo "2290"]
[BlackElo "2460"]

1.d4 Nf6 2.c4 e6 3.Nf3 b6 4.Nc3 Bb7 5.Bg5 h6 6.Bh4 Be7 7.e3 O-O 8.Qc2 d5
9.Bxf6 Bxf6 10.cxd5 exd5 11.Be2 Qe7 12.O-O c5 13.Rfd1 Rd8 14.Rac1 Nd7 15.Qa4 Nf8
16.Ba6 Ne6 17.Ne2 Rac8 18.b3 Bc6 19.Qa3 Rc7 20.Bd3 Ba8 21.Rc2 g6 22.Rdc1 Kg7
23.h3 h5 24.Rd1 h4 25.Qc1 Bb7 26.Qa3 a6 27.Qc1 Rdc8 28.dxc5 bxc5 29.Nc3 Rd8
30.Na4 Rdc8 31.Nb6 Rb8 32.Na4 Rd8 33.Be2 d4 34.Nb2 dxe3 35.Qxe3 Bxf3 36.Bxf3 Nd4
37.Qxe7 Rxe7 38.Rcd2 Re1+ 39.Rxe1 Nxf3+ 40.gxf3 Rxd2 41.Nc4 Rxa2 42.Kf1 Bc3
43.Re2 Ra1+ 44.Kg2 Bd4 45.Nd6 Rb1 46.Re7 Kf6 47.Ra7 Rb2 48.Ne4+ Kg7 49.f4 a5
50.Rd7 Kf8 51.Rd5 f5 52.Nxc5 Rxf2+ 53.Kg1 Bxc5 54.Rxc5 Rxf4 55.Rxa5 Rf3  0-1

[Event "Pau op"]
[Site "Pau"]
[Date "1988.??.??"]
[Round "2"]
[White "Flear, Glenn C"]
[Black "Happel, Hendrik A"]
[Result "1-0"]
[WhiteElo "2470"]
[BlackElo "2315"]

1.d4 Nf6 2.c4 e6 3.Nf3 b6 4.Nc3 Bb4 5.Bg5 Bb7 6.e3 h6 7.Bh4 g5 8.Bg3 Bxc3+
9.bxc3 Ne4 10.Nd2 Nxg3 11.hxg3 d6 12.e4 e5 13.Qf3 Nd7 14.Qe3 Qf6 15.Be2 O-O-O
16.Bg4 Kb8 17.O-O-O exd4 18.cxd4 c5 19.Nb1 Ba6 20.Be2 Rc8 21.Nc3 cxd4 22.Qxd4 Rc6
23.Nd5 Qxd4 24.Rxd4 Rc5 25.Kb2 Ne5 26.Ne3 Kc7 27.a4 Bc8 28.Rhd1 Rd8 29.f4 Nc6
30.R4d2 Be6 31.f5 Bc8 32.Nd5+ Kb8 33.Nc3 Ba6 34.Rxd6 Rxd6 35.Rxd6 Bxc4 36.Bxc4 Rxc4
37.Rxh6 Ne5 38.Rh5 f6 39.Rh8+ Kb7 40.Rh7+ Ka6 41.Kb3 Rd4 42.Rxa7+  1-0

[Event "Reggio Emilia8889-B"]
[Site "Reggio Emilia"]
[Date "1988.??.??"]
[Round "7"]
[White "Anceschi, Vittorio"]
[Black "Weindl, Alfred"]
[Result "1/2-1/2"]
[WhiteElo "2295"]
[BlackElo "2420"]

1.d4 Nf6 2.Nf3 b6 3.c4 e6 4.Nc3 Bb7 5.Bg5 Bb4 6.e3 h6 7.Bh4 Bxc3+ 8.bxc3 d6
9.Bd3 Nbd7 10.O-O O-O 11.Nd2 Qe8 12.f4 d5 13.Qc2 c5 14.Rae1 Rc8 15.Qb1 Ba6
16.cxd5 Bxd3 17.Qxd3 exd5 18.e4 cxd4 19.cxd4 Qe6 20.f5 Qc6 21.e5 Qc2 22.Re3 Qxd3
23.Rxd3 Nh7 24.Nf3 Rc4 25.Re1 Re8 26.Rd2 Nhf8 27.g4 b5 28.Ree2 Nb6 29.Kf2 Na4
30.Ke3 Nc3 31.Rg2 Ne4 32.Rc2 Rec8 33.Rxc4 Rxc4 34.Be1 Ra4 35.Rb2 a6 36.Bb4 Nd7
37.e6 fxe6 38.fxe6 Ndf6 39.Ne5 a5 40.Be7 b4 41.Kf4 Ra3 42.Nd7 Rc3 43.Bxf6 gxf6
44.h4 Kg7 45.Rg2 Rc6 46.Kf5 Nd6+ 47.Kf4 Ne4 48.Kf5 Nd6+  1/2-1/2

[Event "Reykjavik op"]
[Site "Reykjavik"]
[Date "1988.??.??"]
[Round "?"]
[White "Thorsteinsson, Arnar"]
[Black "Arnason, Asgeir T"]
[Result "0-1"]
[WhiteElo "2100"]
[BlackElo "2300"]

1.d4 Nf6 2.c4 e6 3.Nf3 b6 4.Nc3 Bb7 5.Bg5 h6 6.Bh4 g5 7.Bg3 Nh5 8.e3 Nxg3
9.fxg3 Bg7 10.Bd3 Nc6 11.O-O Qe7 12.Nd2 h5 13.Nb5 d6 14.Ne4 f5 15.d5 fxe4
16.Bxe4 Ne5 17.Qa4 Kd8 18.Nd4 Rh6 19.c5 bxc5 20.Nxe6+ Rxe6 21.dxe6 Bxe4 22.Qxe4 c6
23.b4 d5 24.Qh7 Kc7 25.bxc5 Rh8 26.Qc2 Qxe6 27.Rab1 Rf8 28.Qa4 Rxf1+ 29.Rxf1 Nd7
30.Qxa7+ Kd8 31.Qa3 g4 32.Qd3 Bf8 33.Qh7 Qxe3+ 34.Kh1 Qe2 35.Qb1 Bxc5 36.a4 Bb6
37.Rf5 Qe4 38.Qf1 Qxa4 39.Rxh5 Qd4 40.Rh4 Nf6 41.Rh8+ Ke7 42.Rb8 Bc5 43.Rb7+ Ke6
44.Rc7 Qa4 45.Qc1 Ne4 46.Qh6+ Ke5 47.Qf4+ Kd4 48.Qf1 Kc3 49.Qe1+ Kd3 50.Qf1+ Kd2
51.Rb7 Qc2 52.Qa1 Nf2+ 53.Kg1 Nd3+ 54.Kh1 Bd4  0-1

[Event "Riga"]
[Site "Riga"]
[Date "1988.??.??"]
[Round "?"]
[White "Savchenko, Stanislav"]
[Black "Dzuban, Oleg I"]
[Result "1-0"]
[WhiteElo "2480"]
[BlackElo "2395"]

1.d4 Nf6 2.c4 e6 3.Nf3 b6 4.Nc3 d5 5.cxd5 exd5 6.Bg5 Be7 7.e3 O-O 8.Bd3 Bb7
9.O-O Nbd7 10.Rc1 c5 11.dxc5 bxc5 12.Bf5 Nb6 13.Bf4 Nh5 14.Be5 g6 15.Bd3 f6
16.Bg3 Nxg3 17.hxg3 f5 18.Ne2 a5 19.Nf4 Qd6 20.Be2 Nd7 21.Qb3 Rfb8 22.Rfd1 a4
23.Qc2 Rd8 24.Nxd5 Bxd5 25.Rxd5 Qc6 26.Bc4 Kg7 27.b3 axb3 28.Bxb3 Nb6 29.Re5 Qc7
30.Qc3 Kh6 31.Re6 c4 32.Ne5 Ba3 33.Rb1 Rac8 34.Bc2 Bd6 35.Qd4 Bxe5 36.Qh4+ Kg7
37.Re7+ Kf8 38.Rxc7 Bxc7 39.Qxh7 Rd2 40.Qxg6 Nd7  1-0

[Event "Riga"]
[Site "Riga"]
[Date "1988.??.??"]
[Round "?"]
[White "Dzuban, Oleg I"]
[Black "Vyzmanavin, Alexey"]
[Result "1/2-1/2"]
[WhiteElo "2395"]
[BlackElo "2565"]

1.Nf3 Nf6 2.c4 e6 3.d4 b6 4.Nc3 Bb7 5.a3 d5 6.Bg5 Be7 7.Qa4+ Nbd7 8.Ne5 c5
9.cxd5 exd5 10.e3 O-O 11.Nxd7 Nxd7 12.Bxe7 Qxe7 13.Be2 Rfd8 14.O-O a6 15.Bf3 Nf6
16.Qb3 cxd4 17.exd4 b5 18.Rfe1 Qd6 19.Re5 Rac8 20.Rae1 h6 21.Ne2 Rc4 22.Qd3 Ne4
23.Bg4 Bc8 24.Bxc8 Rdxc8 25.Ng3 Rc1 26.Qe3 Rxe1+ 27.Qxe1 Rc2 28.Nxe4 dxe4
29.Re8+ Kh7 30.Qxe4+ Qg6 31.Qxg6+ Kxg6 32.g3 Rxb2 33.Ra8 b4 34.Rxa6+ Kf5
35.axb4 Rxb4 36.Rd6 f6 37.Kg2 g5 38.h3 h5 39.Kf3 Rb3+ 40.Kg2 Rb4  1/2-1/2

[Event "Sarajevo"]
[Site "Sarajevo"]
[Date "1988.??.??"]
[Round "?"]
[White "Kozul, Zdenko"]
[Black "Romanishin, Oleg M"]
[Result "1/2-1/2"]
[WhiteElo "2470"]
[BlackElo "2570"]

1.d4 Nf6 2.Nf3 e6 3.c4 b6 4.Nc3 Bb7 5.a3 g6 6.d5 exd5 7.cxd5 Bg7 8.g3 O-O
9.Bg2 c6 10.O-O Nxd5 11.Nxd5 cxd5 12.Bg5 Qe8 13.Qd2 Na6 14.Bh6 Nc5 15.Bxg7 Kxg7
16.b4 Ne4 17.Qb2+ f6 18.Rfc1 Rc8 19.Rxc8 Qxc8 20.Rc1 Qb8 21.h4 Rc8 22.h5 Rxc1+
23.Qxc1 a5 24.h6+ Kf7 25.bxa5 bxa5 26.Nd4 Qd6 27.Bxe4 dxe4 28.e3 Ba6 29.Qc3 Qd5
30.Qc7 Ke7 31.Qb8 Qc4 32.Kh2 Qf1 33.Qf4 Bb7 34.g4 Qa6 35.g5  1/2-1/2

[Event "URS-FL56"]
[Site "Simferopol"]
[Date "1988.??.??"]
[Round "?"]
[White "Savchenko, Stanislav"]
[Black "Lerner, Konstantin Z"]
[Result "1/2-1/2"]
[WhiteElo "2480"]
[BlackElo "2530"]

1.d4 Nf6 2.c4 e6 3.Nf3 b6 4.Nc3 Bb4 5.Bg5 Bb7 6.e3 h6 7.Bh4 Bxc3+ 8.bxc3 d6
9.Nd2 g5 10.Bg3 Qe7 11.h4 Rg8 12.hxg5 hxg5 13.Be2 Nc6 14.Qa4 O-O-O 15.Bf3 Qd7
16.Rh6 Na5 17.Bxb7+ Kxb7 18.Qxd7 Nxd7 19.Ke2 Rg7 20.Rah1 Rdg8 21.Kd3 Nc6
22.Ne4 Ne7 23.Nf6 Nxf6 24.Rxf6 Ng6 25.Rh5 Nf8 26.e4 Kc8 27.Bh2 Kd8 28.g4 Ke7
29.Rfh6 Ng6 30.Rxg5 Nf4+ 31.Bxf4 Rxg5 32.Bxg5+ Rxg5 33.f3 Ra5 34.Rh2 e5 35.d5 Kf6
36.Rh8 Ke7 37.Rh2 Kf6  1/2-1/2

[Event "Sochi"]
[Site "Sochi"]
[Date "1988.??.??"]
[Round "?"]
[White "Dokhoian, Yury"]
[Black "Olafsson, Helgi"]
[Result "*"]
[WhiteElo "2520"]
[BlackElo "2525"]

1.d4 Nf6 2.c4 e6 3.Nf3 b6 4.Nc3 Bb7 5.a3 d5 6.cxd5 Nxd5 7.Qc2 Be7 8.e4 Nxc3
9.bxc3 O-O 10.Bd3 c5 11.O-O Qc8 12.e5 Kh8 13.Qe2 Qc6 14.Be3 a6 15.a4 Nd7
16.Rfb1 Rfc8 17.Ne1 c4 18.Bc2 b5 19.Qh5 g6 20.Qh3 Nb6 21.Nf3 Nd5 22.Be4 Kg8
23.Ng5 h5 24.Qf3 Qe8 25.Bc1 Bc6 26.axb5 axb5 27.Rxa8 Rxa8 28.Nh3 Ra6 29.Nf4 Nxf4
30.Bxc6 Qxc6 31.Qxc6 Rxc6 32.Bxf4 Ra6 33.Kf1 g5 34.Bd2 Ra5 35.Ke2 g4 36.h3 Kg7
37.hxg4 hxg4 38.f3 Ra2 39.Kd1 g3 40.Rxb5 Ra1+ 41.Ke2 Rg1 42.Ke3 Rxg2 43.Rb1 Kg6
44.Rh1 Rh2 45.Rg1 Kf5 46.Rxg3 Bg5+ 47.Rxg5+ Kxg5 48.Be1 Rc2 49.Bd2 Kh4 50.Be1+ Kh3
51.Bd2 Kh4 52.Be1+ Kh3 53.Bd2 Ra2 54.Be1 Kg2 55.f4 Kf1 56.Bd2 Ra5 57.Kf3 Rd5
58.Ke3 Rd8 59.f5 exf5 60.Kf3 Rd7 61.Ke3 Rd5 62.Kf3 Ra5 63.Bg5 Ke1 64.Kf4 Kd2
65.Kxf5+ Kxc3 66.Ke4 Kb4 67.d5 Kb5 68.e6 fxe6 69.dxe6 Kc6 70.Bd8 Ra8 71.e7 Kd7
72.Kd4 Rc8 73.Kc3 Ke8 74.Kc2 Rc6 75.Kd2 Kd7 76.Kc3 Rc5 77.Bb6 Rc8 78.Bd8 Rc6
79.Kc2 Re6 80.Kc3 Re4 81.Bb6 Kc6 82.Bd4 Kd5 83.Bf6 Re3+ 84.Kd2 Re6 85.Kc3 Re4
86.Bg5 Kc6 87.e8=Q+ Rxe8 88.Kxc4  *

[Event "SWZ-HUN"]
[Site "?"]
[Date "1988.??.??"]
[Round "?"]
[White "Horvath, Csaba"]
[Black "Ballmann, Martin"]
[Result "1-0"]
[WhiteElo "2445"]
[BlackElo "2280"]

1.d4 Nf6 2.c4 e6 3.Nf3 b6 4.Nc3 Bb4 5.Bg5 Bb7 6.Qc2 h6 7.Bh4 g5 8.Bg3 Ne4
9.Be5 f6 10.d5 exd5 11.cxd5 Bxd5 12.O-O-O Nxc3 13.Bxc3 Bxc3 14.Rxd5 Bb4 15.Qg6+ Kf8
16.Nd4 Bd6 17.Nf5 Rg8 18.Qxh6+ Kf7 19.Qh7+  1-0

[Event "URS Cup rapid"]
[Site "Tallinn"]
[Date "1988.??.??"]
[Round "8"]
[White "Kveinys, Aloyzas"]
[Black "Lerner, Konstantin Z"]
[Result "1-0"]
[WhiteElo "2345"]
[BlackElo "2515"]

1.d4 Nf6 2.c4 e6 3.Nf3 b6 4.Nc3 Bb7 5.Bg5 Be7 6.e3 h6 7.Bh4 Ne4 8.Bxe7 Qxe7
9.Nxe4 Bxe4 10.Nd2 Bb7 11.Be2 O-O 12.O-O f5 13.Bf3 Bxf3 14.Nxf3 d6 15.b4 Nd7
16.Qb3 Kh8 17.a4 a5 18.b5 e5 19.Qc2 e4 20.Nd2 Nf6 21.c5 d5 22.Rfc1 f4 23.cxb6 fxe3
24.fxe3 cxb6 25.Qc7 Qxc7 26.Rxc7 Ng4 27.Nf1 Rf6 28.h3 Nf2 29.Ng3 Nd3 30.Nh5 Rg6
31.Rf1 Rg5 32.Nf4 Nb2 33.Rc2 Nc4 34.Nxd5 Na3 35.Nxb6 Nxc2 36.Nxa8 Nxe3 37.Rf2 Nc4
38.b6 Nd6 39.Rf8+ Kh7 40.Rd8 Rg6 41.Kf2 Rf6+ 42.Ke3  1-0

[Event "Tampere Elo op"]
[Site "Tampere"]
[Date "1988.??.??"]
[Round "7"]
[White "Yrjola, Jouni"]
[Black "Karner, Hillar"]
[Result "1-0"]
[WhiteElo "2455"]
[BlackElo "2390"]

1.d4 Nf6 2.c4 e6 3.Nf3 b6 4.Nc3 Bb4 5.Qb3 c5 6.a3 Ba5 7.Bf4 Nc6 8.e3 O-O
9.O-O-O Bxc3 10.Qxc3 cxd4 11.Nxd4 Bb7 12.Kb1 Rc8 13.Nb5 Na5 14.Nxa7 Be4+
15.Ka2 Ra8 16.Nb5 d5 17.f3 Bg6 18.Bd6 Re8 19.Be5 Nd7 20.Bc7 Qc8 21.cxd5 Nc5
22.Bxb6 Na4 23.Qxc8 Rexc8 24.Bxa5 Rxa5 25.d6 Kf8 26.e4 f6 27.Be2 e5 28.Rc1 Bf7+
29.Kb1 Rb8 30.b4 Ra6 31.Rhd1 Nb6 32.Rc6 Raa8 33.Nc7 Rxa3 34.Na6 Rb3+ 35.Kc1 Ra8
36.Rxb6  1-0

[Event "Tbilisi"]
[Site "Tbilisi"]
[Date "1988.??.??"]
[Round "?"]
[White "Kozul, Zdenko"]
[Black "Romanishin, Oleg M"]
[Result "1/2-1/2"]
[WhiteElo "2505"]
[BlackElo "2550"]

1.d4 Nf6 2.Nf3 e6 3.c4 b6 4.Nc3 Bb7 5.a3 g6 6.d5 exd5 7.cxd5 Bg7 8.g3 O-O
9.Bg2 c6 10.O-O cxd5 11.Ng5 Na6 12.Nxd5 Nxd5 13.Bxd5 Bc6 14.Bf4 Nc5 15.Rb1 h6
16.Nf3 Re8 17.Be3 Qe7 18.Bxc6 dxc6 19.Qc1 h5 20.Re1 Rab8 21.Rd1 Rbc8 22.Bxc5 Qxe2
23.Kg2 bxc5 24.Qxc5 Qe7 25.Rdc1 Qb7 26.b4 Red8 27.Qc4 Rd5 28.Qe4 Qd7 29.Rc5 Rxc5
30.bxc5 Rd8 31.h4 Bf8 32.Ne5 Qe6 33.Qf4  1/2-1/2

[Event "Thessaloniki ol (Men)"]
[Site "Thessaloniki"]
[Date "1988.??.??"]
[Round "4"]
[White "Piket, Jeroen"]
[Black "Thomson, Craig S M"]
[Result "1-0"]
[WhiteElo "2495"]
[BlackElo "2340"]

1.d4 Nf6 2.Nf3 b6 3.c4 e6 4.Nc3 Bb7 5.a3 d5 6.cxd5 Nxd5 7.Qc2 Nxc3 8.bxc3 Be7
9.e4 O-O 10.Bd3 c5 11.O-O Qc8 12.Qe2 cxd4 13.cxd4 Ba6 14.Bb2 Bxd3 15.Qxd3 Nd7
16.Nd2 Qb7 17.f4 Rad8 18.Rac1 Nf6 19.f5 e5 20.Qg3 Qb8 21.Rc6 exd4 22.e5 Nh5
23.Qg4 Qxe5 24.Qxh5 Qb5 25.Rc2 g6 26.Qg4 d3 27.fxg6 hxg6 28.Qh3 Bc5+ 29.Kh1 Bd4
30.Bxd4 Rxd4 31.Rc8 Rdd8 32.Rxf7 Kxf7 33.Rc7+ Kf6 34.Qh4+ Ke6 35.Qe1+ Kf5
36.Qe4+ Kg5 37.h4+ Kh6 38.Qe3+ g5 39.Qe6+ Kh5 40.Rh7+  1-0

[Event "Thessaloniki ol (Men)"]
[Site "Thessaloniki"]
[Date "1988.??.??"]
[Round "6"]
[White "Johansen, Darryl K"]
[Black "Skembris, Spyridon"]
[Result "1/2-1/2"]
[WhiteElo "2415"]
[BlackElo "2425"]

1.d4 Nf6 2.Nf3 e6 3.c4 b6 4.Nc3 Bb7 5.Bg5 Bb4 6.e3 h6 7.Bh4 Bxc3+ 8.bxc3 d6
9.a4 a5 10.Nd2 g5 11.Bg3 Nbd7 12.f3 Qe7 13.e4 e5 14.Bf2 Nh5 15.g3 Ng7 16.Bh3 f5
17.Qe2 f4 18.Kd1 Ne6 19.Kc2 c5 20.d5 Nef8 21.Bf5 O-O-O 22.Rag1 Kc7 23.h4 Rg8
24.hxg5 hxg5 25.Rh6 Bc8 26.Nb1 Nf6 27.Na3 Bd7 28.Kb3 Kb7 29.Rgh1 Rg7 30.Nb5 Bxf5
31.exf5 Ng8 32.gxf4 Nxh6 33.Rxh6 Rh7 34.fxg5 Rxh6 35.gxh6 Qf6 36.f4 Qxf5
37.fxe5 dxe5 38.Bh4 Rd7 39.Qd1 e4 40.Bg3 Qf3 41.Qg1 e3 42.Bh4 e2 43.Qg5 e1=Q
44.Bxe1 Qd1+ 45.Ka3 Qa1+ 46.Kb3 Qxe1 47.Qf6 Qe7 48.Qc6+ Kb8 49.Qxb6+ Rb7
50.Qc6 Nd7 51.h7 Qxh7 52.Qd6+  1/2-1/2

[Event "Thessaloniki ol (Men)"]
[Site "Thessaloniki"]
[Date "1988.??.??"]
[Round "7"]
[White "Barus, Cerdas"]
[Black "Sax, Gyula"]
[Result "0-1"]
[WhiteElo "2330"]
[BlackElo "2600"]

1.d4 Nf6 2.c4 e6 3.Nf3 b6 4.Nc3 Bb7 5.Bg5 h6 6.Bh4 g5 7.Bg3 Nh5 8.Be5 f6
9.Qc2 Bxf3 10.exf3 fxe5 11.Qg6+ Ke7 12.Qxh5 exd4 13.Ne2 Bg7 14.Qg4 Nc6 15.f4 d3
16.Nc3 Qf8 17.fxg5 d2+ 18.Ke2 Nd4+ 19.Kd3 Qxf2 20.Nd1 Qf5+ 21.Qxf5 Nxf5 22.g4 Nh4
23.gxh6 Bxh6 24.Be2 Raf8 25.Ne3 Rf4 26.Raf1 Rhf8 27.Rxf4 Rxf4 28.Nf1 c5 29.b3 Ng2
30.Kc2 Re4 31.Ng3 Rd4 32.Bd1 Ne3+ 33.Kb1 Nxd1 34.Rxd1 Rxg4 35.Kc2 Rh4 36.Rh1 Bf4
37.Nf1 Rh3 38.Nxd2 Rxh2 39.Rxh2 Bxh2 40.Ne4 Be5 41.Kd3 d5 42.Nd2 Bf4 43.Nf3 Kd6
44.Nh4 e5 45.Nf5+ Ke6 46.Ng7+ Kf7  0-1

[Event "Thessaloniki ol (Men)"]
[Site "Thessaloniki"]
[Date "1988.??.??"]
[Round "8"]
[White "Yrjola, Jouni"]
[Black "Mateo, Ramon"]
[Result "1/2-1/2"]
[WhiteElo "2455"]
[BlackElo "2445"]

1.d4 Nf6 2.c4 e6 3.Nf3 b6 4.Nc3 Bb4 5.Qb3 a5 6.g3 Bb7 7.Bg2 c5 8.dxc5 Bxc5
9.O-O O-O 10.Bg5 h6 11.Bxf6 Qxf6 12.Rad1 Rc8 13.Na4 Bc6 14.Nd2 Na6 15.Bxc6 Rxc6
16.Qf3 Qxf3 17.Nxf3 d6 18.b3 Kf8  1/2-1/2

[Event "Thessaloniki ol (Men)"]
[Site "Thessaloniki"]
[Date "1988.??.??"]
[Round "13"]
[White "Wirthensohn, Heinz"]
[Black "Morrison, Graham"]
[Result "1-0"]
[WhiteElo "2385"]
[BlackElo "2325"]

1.Nf3 Nf6 2.c4 b6 3.d4 e6 4.Nc3 Bb4 5.Qb3 c5 6.a3 Ba5 7.Bg5 Nc6 8.e3 h6 9.Bh4 cxd4
10.exd4 O-O 11.O-O-O Bxc3 12.Qxc3 d5 13.cxd5 Qxd5 14.Bxf6 gxf6 15.Bc4 Qd6
16.Qe3 Kg7 17.Kb1 Ne7 18.Qe4 Nd5 19.Qg4+ Kh7 20.Qe4+ f5 21.Qh4 Bb7 22.Ne5 Qd8
23.Qg3 Rc8 24.Bd3 Rg8 25.Qh3 Qf6 26.g3 Rgd8 27.Qh5 Kg7 28.Rhg1 Kf8 29.Bb5 Rc7
30.Rc1 Qg5 31.Qe2 Rdc8 32.Rxc7 Rxc7 33.h4 Qe7 34.Qd2 f4 35.Ka1 a6 36.Be2 Qf6
37.Rc1 Rxc1+ 38.Qxc1 Kg7 39.Bh5 fxg3 40.fxg3 Qf2 41.Nxf7 Ne3 42.Nd6 Bd5 43.Qc7+ Kg8
44.Qd8+ Qf8 45.Bf7+ Kg7 46.Qc7 Kh8 47.Ne8 Ng4 48.Bg6  1-0

[Event "Thessaloniki ol (Men)"]
[Site "Thessaloniki"]
[Date "1988.??.??"]
[Round "13"]
[White "Rivas Pastor, Manuel"]
[Black "Karkanaque, Ilir"]
[Result "1/2-1/2"]
[WhiteElo "2505"]
[BlackElo "2375"]

1.c4 Nf6 2.Nc3 e6 3.Nf3 b6 4.d4 Bb4 5.e3 Bb7 6.Bd3 Ne4 7.Qc2 f5 8.O-O Bxc3
9.bxc3 O-O 10.Ne1 Qh4 11.f3 Ng5 12.Qf2 Qxf2+ 13.Rxf2 c5 14.Rb2 Ba6 15.e4 fxe4
16.Bb1 Nf7 17.Bxe4 d5 18.cxd5 Nd6 19.dxe6 Nxe4 20.e7 Re8 21.fxe4 Rxe7 22.e5 Nc6
23.Nf3 h6 24.Be3 Rd8 25.dxc5 Nxe5 26.Nxe5 Rxe5 27.Bd4 Re6 28.cxb6 axb6 29.Rxb6 Rxb6
30.Bxb6 Rd2 31.a4 Bb7 32.Bf2 Rc2 33.a5 Rxc3 34.h4 Ba6 35.Rd1 Bd3 36.Re1 Ra3
37.Bb6 Kf7 38.Kh2 Bc4 39.Re5 Ra2 40.Rc5 Bd3 41.Rc7+ Kg8 42.Bd4 g6 43.Rg7+ Kf8
44.Ra7 Bf1 45.Bg7+ Ke8 46.Bxh6 Rxg2+ 47.Kh1 Ra2 48.Bg5 Bc4 49.Re7+ Kf8 50.Re5 Kf7
51.Kg1 Ba6 52.Rc5 Bd3 53.Be3 Ke6 54.Bf2 Be4 55.Kf1 Bd5 56.Bg3 Ra3 57.Bc7 Ra4
58.Kf2 Rxh4 59.a6 Ra4  1/2-1/2

[Event "Tirnavia-B"]
[Site "Trnava"]
[Date "1988.??.??"]
[Round "5"]
[White "Priehoda, Vitezslav"]
[Black "Rozentalis, Eduardas"]
[Result "0-1"]
[WhiteElo "2375"]
[BlackElo "2520"]

1.d4 Nf6 2.c4 e6 3.Nf3 b6 4.Nc3 Bb4 5.Bg5 Bb7 6.e3 h6 7.Bh4 g5 8.Bg3 Ne4
9.Nd2 Nxc3 10.bxc3 Bxc3 11.Rc1 Bxd2+ 12.Qxd2 d6 13.f3 Nd7 14.Bd3 Qe7 15.O-O f5
16.c5 dxc5 17.Bxc7 O-O 18.dxc5 Nxc5 19.Be5 Rad8  0-1